00286nam a22000857a 4500008004100000082002100041245007700062260005300139300000800192230621b xxu||||| |||| 00| 0 eng d a328.30bCPA 1995 a1995 Reports: CPA Executive Committee and CPA General Assembly,Sri Lanka aUKbCommonwealth Parliamenatry Associationc1995 a95p